Sú všetky benzíny rovnaké?
Rozmach komunikačných kampaní petrolejárskych firiem. Čo bolo príčinou na ich spustenie. Zvyšovanie kvality automobilových benzínov. Marketingový prístup ku komunikácii značiek palív. Komunikácia Shell V-Power. Priebeh kampaní jednotlivých spoločností.
Saved in:
| Main Author: | |
|---|---|
| Format: | Book Chapter |
| Language: | Slovak |
| Subjects: | |
| Tags: |
No Tags, Be the first to tag this record!
|
MARC
| LEADER | 00000naa a2200000 4500 | ||
|---|---|---|---|
| 001 | r040064 | ||
| 005 | 20231002131148.5 | ||
| 041 | 0 | |a slo | |
| 044 | |a SK | ||
| 245 | 1 | 0 | |a Sú všetky benzíny rovnaké? |c Mária Fuknová |
| 520 | |a Rozmach komunikačných kampaní petrolejárskych firiem. Čo bolo príčinou na ich spustenie. Zvyšovanie kvality automobilových benzínov. Marketingový prístup ku komunikácii značiek palív. Komunikácia Shell V-Power. Priebeh kampaní jednotlivých spoločností. | ||
| 610 | 2 | 0 | |a kampane reklamné |
| 610 | 2 | 0 | |a komunikácia marketingová |
| 610 | 2 | 0 | |a benzín |
| 610 | 2 | 0 | |a palivá |
| 610 | 2 | 0 | |a stratégia marketingová |
| 610 | 2 | 0 | |a Slovnaft, a.s. Bratislava |
| 610 | 2 | 0 | |a Benzinol |
| 610 | 2 | 0 | |a ÖMV |
| 100 | 1 | |a Fuknová, Mária | |